An electronic companion to calculus
Αποθηκεύτηκε σε:
| Κύριος συγγραφέας: | |
|---|---|
| Μορφή: | Κασέτα Ηχητικό |
| Γλώσσα: | English |
| Δημοσίευση: |
New York ; San Francisco :
Cogito learning media,
c1997
|
| Θέματα: | |
| Ετικέτες: |
Προσθήκη ετικέτας
Δεν υπάρχουν, Καταχωρήστε ετικέτα πρώτοι!
|
MARC
| LEADER | 00000cjm a2200000 i 4500 | ||
|---|---|---|---|
| 001 | 1/83349 | ||
| 007 | ss ls l u | ||
| 008 | 990602s1997 us engod | ||
| 020 | |a 1-888902-47-7 | ||
| 035 | |l 10051326 | ||
| 040 | |a GR-MY-UA |b fre |e aacr | ||
| 041 | 0 | |a eng | |
| 082 | 0 | |a 515 | |
| 100 | 1 | |a Devlin, Keith J. | |
| 245 | 1 | 3 | |a An electronic companion to calculus |h [computer file] / |c Keith Devlin |
| 260 | |a New York ; San Francisco : |b Cogito learning media, |c c1997 | ||
| 300 | |a 1 computer laser optical disc; |c 4 3/4 in.+ |e 1 manual | ||
| 500 | |a System requirements: IBM PC or Macintosh | ||
| 650 | 0 | 0 | |a Calculus |x Data processing. |
| 852 | |a INST |b SAMOS |c AV |e 19990602 |h 515 DEV |p 005300013293 |q 005300013293 |t CDROM |y 23 | ||
| 901 | |a BIBL-1999-1 | ||
| 909 | |a Σ |b 063040 | ||
| 922 | |a 3ΕΛΗ |b 199901 |c ΕΠΕΑΕΚ/ΜΑΘ |d GLORY | ||